00661cam a22002053a 45000010005000000030006000050050017000110080041000280400015000690420007000840500007000911000040000982450106001382600029002445060030002735160020003036530063003238300028003868560041004145609PGUSA20140828083122.0040501s2004||||xxu|||||s|||||000 | eng d aPGUSAbeng adc 4aJS1 aAllen, William Ferneley,d1816-187714aThe Corporation of London, Its Rights and Privilegesh[electronic resource] /cWilliam Ferneley Allen bProject Gutenberg,c2004 aPublic domain in the USA. aElectronic text aCorporation of London (England) -- Politics and government 0aProject Gutenbergv560940uhttp://www.gutenberg.org/ebooks/5609